[Event "Stay Safe Play From Home 141"]
[Site "T#645952Emanuel Laske"]
[Date "2020.05.11"]
[Round "3"]
[White "Spouyu"]
[Black "Chase the sun"]
[Result "0-1"]
[WhiteElo "1790"]
[BlackElo "1888"]
[Annotator "NA RC"]
[PlyCount "80"]
[EventDate "2020.05.11"]
[EventType "swiss (blitz)"]

1. e4 {[%emt 0:00:09]} e6 {[%emt 0:00:01]} 2. d4 {[%emt 0:00:01]} d5 {[%emt 0:00:00]} 3. Nc3 {[%emt 0:00:01]} Bb4 {[%emt 0:00:02]} 4. exd5 {[%emt 0:00:05]} Qxd5 {[%emt 0:00:02]} 5. Nf3 {[%emt 0:00:04]} Nf6 {[%emt 0:00:03]} 6. Bd2 {[%emt 0:00:01]} Bxc3 {[%emt 0:00:01]} 7. Bxc3 {[%emt 0:00:01]} b6 {[%emt 0:00:00]} 8. Bd3 {[%emt 0:00:06]} Ba6 {[%emt 0:00:01]} 9. O-O {[%emt 0:00:02]} Bxd3 {[%emt 0:00:02]} 10. Qxd3 {[%emt 0:00:01]} Nbd7 {[%emt 0:00:01]} 11. Rfe1 {[%emt 0:00:04]} O-O {[%emt 0:00:02]} 12. a3 {[%emt 0:00:05]} Rfd8 {[%emt 0:00:01]} 13. Rad1 {[%emt 0:00:01]} c5 {[%emt 0:00:03]} 14. dxc5 {[%emt 0:00:20]} Qxd3 {[%emt 0:00:05]} 15. Rxd3 {[%emt 0:00:01]} Nxc5 {[%emt 0:00:01]} 16. Rxd8+ {[%emt 0:00:03]} Rxd8 {[%emt 0:00:00]} 17. Bxf6 {[%emt 0:00:03]} gxf6 {[%emt 0:00:00]} 18. Kf1 {[%emt 0:00:06]} Na4 {[%emt 0:00:06]} 19. b3 {[%emt 0:00:08]} Nc3 {[%emt 0:00:06]} 20. Re3 {[%emt 0:00:06]} Nd5 {[%emt 0:00:08]} 21. Rd3 {[%emt 0:00:04]} Rc8 {[%emt 0:00:01]} 22. c4 {[%emt 0:00:06]} Nf4 {[%emt 0:00:03]} 23. Rd7 {[%emt 0:00:03]} b5 {[%emt 0:00:04]} 24. Nd2 {[%emt 0:00:08]} bxc4 {[%emt 0:00:04]} 25. Nxc4 {[%emt 0:00:03]} Rb8 {[%emt 0:00:03]} 26. b4 {[%emt 0:00:02]} Rc8 {[%emt 0:00:02]} 27. Rd4 {[%emt 0:00:08]} e5 {[%emt 0:00:01]} 28. Re4 {[%emt 0:00:12]} f5 {[%emt 0:00:02]} 29. Rxf4 {[%emt 0:00:06]} exf4 {[%emt 0:00:04]} 30. Nd6 {[%emt 0:00:02]} Rc3 {[%emt 0:00:10]} 31. Nb5 {[%emt 0:00:03]} Rb3 {[%emt 0:00:09]} 32. Ke2 {[%emt 0:00:01]} a6 {[%emt 0:00:03]} 33. Nd4 {[%emt 0:00:04]} f3+ {[%emt 0:00:05]} 34. gxf3 {[%emt 0:00:05]} Rxa3 {[%emt 0:00:01]} 35. Nxf5 {[%emt 0:00:01]} Rb3 {[%emt 0:00:02]} 36. Nd6 {[%emt 0:00:03]} Rxb4 {[%emt 0:00:02]} 37. Kd3 {[%emt 0:00:00]} a5 {[%emt 0:00:04]} 38. Kc3 {[%emt 0:00:02]} Rb8 {[%emt 0:00:03]} 39. Nc4 {[%emt 0:00:03]} a4 {[%emt 0:00:01]} 40. Na3 {[%emt 0:00:02]} Rb3+ {[%emt 0:00:03] Spouyu resigns (Lag: Av=0.51s, max=0.8s)} 0-1

[Event "Stay Safe Play From Home 141"]
[Site "T#645952Emanuel Laske"]
[Date "2020.05.11"]
[Round "3"]
[White "matanant"]
[Black "Timbre"]
[Result "1-0"]
[WhiteElo "1570"]
[BlackElo "1604"]
[Annotator "NA RC"]
[PlyCount "65"]
[EventDate "2020.05.11"]
[EventType "swiss (blitz)"]

1. e4 {[%emt 0:00:02]} c6 {[%emt 0:00:09]} 2. d4 {[%emt 0:00:02]} d5 {[%emt 0:00:01]} 3. Nd2 {[%emt 0:00:02]} dxe4 {[%emt 0:00:01]} 4. Nxe4 {[%emt 0:00:01]} Bf5 {[%emt 0:00:01]} 5. Ng3 {[%emt 0:00:01]} Bg6 {[%emt 0:00:01]} 6. h4 {[%emt 0:00:01]} h6 {[%emt 0:00:02]} 7. Nf3 {[%emt 0:00:00]} Nd7 {[%emt 0:00:02]} 8. Bd3 {[%emt 0:00:00]} Bxd3 {[%emt 0:00:02]} 9. Qxd3 {[%emt 0:00:00]} Ngf6 {[%emt 0:00:02]} 10. O-O {[%emt 0:00:00]} e6 {[%emt 0:00:02]} 11. Re1 {[%emt 0:00:00]} Be7 {[%emt 0:00:01]} 12. c4 {[%emt 0:00:07]} O-O {[%emt 0:00:01]} 13. b3 {[%emt 0:00:01]} a6 {[%emt 0:00:02]} 14. Bb2 {[%emt 0:00:02]} Qc7 {[%emt 0:00:01]} 15. Rad1 {[%emt 0:00:04]} Rad8 {[%emt 0:00:02]} 16. Qc3 {[%emt 0:00:04]} Nb6 {[%emt 0:00:10]} 17. Ne5 {[%emt 0:00:08]} Nbd7 {[%emt 0:00:02]} 18. f4 {[%emt 0:00:02]} Nxe5 {[%emt 0:00:02]} 19. fxe5 {[%emt 0:00:02]} Qd7 {[%emt 0:00:10]} 20. exf6 {[%emt 0:00:05]} Bxf6 {[%emt 0:00:03]} 21. Ne4 {[%emt 0:00:03]} Qe7 {[%emt 0:00:03]} 22. Nxf6+ {[%emt 0:00:02]} Qxf6 {[%emt 0:00:01]} 23. d5 {[%emt 0:00:02]} Qxc3 {[%emt 0:00:07]} 24. Bxc3 {[%emt 0:00:02]} cxd5 {[%emt 0:00:01]} 25. cxd5 {[%emt 0:00:01]} exd5 {[%emt 0:00:02]} 26. Re5 {[%emt 0:00:07]} b5 {[%emt 0:00:03]} 27. Rexd5 {[%emt 0:00:02]} Rc8 {[%emt 0:00:01]} 28. Bb4 {[%emt 0:00:04]} Rfe8 {[%emt 0:00:03]} 29. R1d2 {[%emt 0:00:06]} Rc1+ {[%emt 0:00:02]} 30. Kh2 {[%emt 0:00:02]} Re4 {[%emt 0:00:02]} 31. R5d4 {[%emt 0:00:08]} Re8 {[%emt 0:00:11]} 32. Rg4 {[%emt 0:00:04]} f6 {[%emt 0:00:04]} 33. Rd7 {[%emt 0:00:04] Timbre resigns (Lag: Av=0.80s, max=1.3s)} 1-0

[Event "Stay Safe Play From Home 141"]
[Site "T#645952Emanuel Laske"]
[Date "2020.05.11"]
[Round "3"]
[White "Justwatch"]
[Black "Dani0074SC"]
[Result "1-0"]
[WhiteElo "1475"]
[BlackElo "1670"]
[Annotator "NA RC"]
[PlyCount "51"]
[EventDate "2020.05.11"]
[EventType "swiss (blitz)"]

1. d4 {[%emt 0:00:01]} Nf6 {[%emt 0:00:05]} 2. e3 {[%emt 0:00:06]} c5 {[%emt 0:00:02]} 3. Bc4 {[%emt 0:00:00]} d5 {[%emt 0:00:02]} 4. dxc5 {[%emt 0:00:02]} dxc4 {[%emt 0:00:05]} 5. Qxd8+ {[%emt 0:00:00]} Kxd8 {[%emt 0:00:00]} 6. Nd2 {[%emt 0:00:02]} c3 {[%emt 0:00:13]} 7. bxc3 {[%emt 0:00:00]} e5 {[%emt 0:00:03]} 8. Ba3 {[%emt 0:00:11]} b6 {[%emt 0:00:15]} 9. Nc4 {[%emt 0:00:08]} bxc5 {[%emt 0:00:37]} 10. Nxe5 {[%emt 0:00:09]} Be6 {[%emt 0:00:03]} 11. Rd1+ {[%emt 0:00:10]} Kc7 {[%emt 0:00:10]} 12. c4 {[%emt 0:00:07]} Bd6 {[%emt 0:00:17]} 13. Bb2 {[%emt 0:00:25]} Rd8 {[%emt 0:00:13]} 14. Ngf3 {[%emt 0:00:12]} Nbd7 {[%emt 0:00:03]} 15. Nd3 {[%emt 0:00:19]} Rab8 {[%emt 0:00:06]} 16. Ng5 {[%emt 0:00:15]} Bxc4 {[%emt 0:00:06]} 17. Bc3 {[%emt 0:00:16]} Bxd3 {[%emt 0:00:11]} 18. cxd3 {[%emt 0:00:02]} Rf8 {[%emt 0:00:07]} 19. O-O {[%emt 0:00:02]} g6 {[%emt 0:00:05]} 20. d4 {[%emt 0:00:03]} c4 {[%emt 0:00:03]} 21. Ba5+ {[%emt 0:00:01]} Kc8 {[%emt 0:00:05]} 22. Rc1 {[%emt 0:00:04]} Nb6 {[%emt 0:00:08]} 23. Bxb6 {[%emt 0:00:05]} axb6 {[%emt 0:00:00]} 24. Rxc4+ {[%emt 0:00:01]} Kd7 {[%emt 0:00:00]} 25. Rb4 {[%emt 0:00:02]} b5 {[%emt 0:00:00]} 26. Rxb5 {[%emt 0:00:02] Tiempo (Lag: Av=1.65s, max=3.1s)} 1-0

[Event "Stay Safe Play From Home 141"]
[Site "T#645952Emanuel Laske"]
[Date "2020.05.11"]
[Round "4"]
[White "Little champs"]
[Black "MartiMitjaNunez"]
[Result "1-0"]
[WhiteElo "2203"]
[BlackElo "1416"]
[Annotator "TA"]
[PlyCount "47"]
[EventDate "2020.05.11"]
[EventType "swiss (blitz)"]

{[%evp 9,46,60,51,51,59,55,89,59,139,108,331,254,432,412,1179,618,590,581,549,516,665,635,1406,1421,1385,1384,2260,2025,2403,1966,3315,3158,4826,1765,29990,29990,29994,29995,29999]} 1. d4 e6 2. e3 Nf6 3. Nf3 Nc6 4. Be2 d6 5. O-O {[#]} e5 $146 ({Predecessor:} 5... Bd7 6. c4 Be7 7. Nc3 Nb4 8. a3 Na6 9. b4 O-O 10. Bb2 c6 11. d5 e5 {1-0 (42) Fernandez,P (805)-Bester,K (668) LSS email 2012}) 6. c4 {A46: 1 d4 Nf6 2 Nf3 e6: Torre, London and Colle Systems.} exd4 7. exd4 d5 8. c5 {White is better.} Nb4 ({Black should try} 8... Ne4 $14) 9. Nc3 Bg4 $2 (9... Be7 $16 {might work better.}) 10. Ne5 Bxe2 $2 (10... Bd7 11. Qb3 a5) 11. Qxe2 $18 {Strongly threatening Nc6+.} ({Less strong is} 11. Nxe2 Be7 $18) 11... Ng8 (11... Be7 $142 12. Qb5+ Nc6 13. Nxc6 bxc6 14. Qxc6+ Kf8) 12. Qb5+ c6 13. Qxb4 f6 14. Nf3 h5 15. Qxb7 g5 16. Re1+ Be7 17. Qxc6+ {[%mdl 64] [#] Double Attack} Qd7 18. Qxa8+ Qd8 19. Qxd5 Nh6 20. Qe6 Qd7 21. c6 Qd8 {[#]} 22. Nd5 $1 {White mates.} Rf8 23. c7 Qa8 24. Qxe7# {Black did not feel at home in the position after the opening. Accuracy: White = 48%, Black = 24%.} 1-0

[Event "Stay Safe Play From Home 141"]
[Site "T#645952Emanuel Laske"]
[Date "2020.05.11"]
[Round "4"]
[White "Lazieri3"]
[Black "Lamborghini"]
[Result "0-1"]
[WhiteElo "2102"]
[BlackElo "2224"]
[Annotator "TA"]
[PlyCount "88"]
[EventDate "2020.05.11"]
[EventType "swiss (blitz)"]

{[%evp 9,87,6,7,0,0,0,0,0,-1,-14,-17,-12,0,-37,-34,-59,-12,-25,-13,-32,-21,-49,-29,-36,-26,-111,-1,-28,-21,-39,-13,-16,-17,-47,-45,-41,-38,-56,-64,-75,-74,-87,-79,-98,-82,-126,-97,-92,-100,-144,-20,-67,0,-26,31,-107,3,-243,-257,-329,-354,-778,-769,-769,-760,-751,-739,-1201,420,-681,-505,-469,-213,-231,-82,-254,-153,-29998,-29999,-29999]} 1. e4 c5 2. Nc3 d6 3. Nf3 Nf6 4. Bb5+ Nbd7 5. d3 a6 6. Bxd7+ {B50: Sicilian: 2...d6, Miscellaneous.} Bxd7 7. Be3 e6 8. O-O {[#] The position is equal.} Be7 $146 ({Predecessor:} 8... Bc6 9. Qe2 Be7 10. Rad1 e5 11. h3 O-O 12. Nh2 Re8 13. f4 Bf8 14. f5 Qd7 {1-0 (47) Maciulaityte,B-Aviza,E Panevezys 2013}) 9. h3 O-O 10. a4 Qc7 11. b3 Bc6 12. Bg5 Rad8 13. Re1 h6 14. Bh4 Rfe8 15. Ne2 b6 16. Qd2 Qb7 17. Ra2 (17. Ng3 $11) 17... e5 ({Black should play} 17... g5 $17 18. Bg3 Nh5) 18. Nc3 Ra8 19. Rea1 Nh7 20. Bxe7 Qxe7 21. Ne2 d5 22. Ng3 Rad8 23. exd5 Bxd5 24. Qe2 Qb7 25. Ne4 f5 26. Ned2 Nf6 27. Re1 e4 28. dxe4 fxe4 29. Nh4 Re5 (29... Qc8 $17 {aiming for ...g5.} 30. g4 e3 $1 {[%mdl 512]} 31. fxe3 h5 $1 {[%mdl 512]}) 30. Nc4 Rg5 (30... Bxc4 $5 31. bxc4 Rde8 $15) 31. Ne3 Bc6 (31... c4 $11) 32. c4 {[#]} (32. Nhf5 $14 {stays ahead.}) 32... Rd4 ({Black should try} 32... Nh5 $1 $17 {And now ...Nf4 would win.} 33. Rd1 Rd4) 33. Rd2 $2 (33. Nhf5 $11 {and White stays safe.}) 33... Qd7 $1 $19 34. Rxd4 cxd4 35. Ng4 $2 (35. f4 exf3 36. Nxf3 Bxf3 37. Qxf3 dxe3 38. Qxe3) 35... Nxg4 36. hxg4 Rxg4 37. g3 {[#]} e3 $1 {[%mdl 512] Threatens to win with ...Rxh4.} 38. Rf1 (38. fxe3 Rxg3+) 38... Qe7 $4 {[%mdl 8192]} (38... d3 $19 {avoids the disaster.} 39. Qxe3 Re4 40. Qxe4 Bxe4) 39. Ng2 $4 {[%mdl 8192]} (39. Qxg4 $18 e2 40. Qc8+ Be8 41. Re1) 39... exf2+ 40. Qxf2 Bxg2 (40... Qe5 $142 41. Kh2 Qh5+ 42. Nh4 Re4) 41. Kxg2 {[#]} Qe4+ (41... d3 $1 $19 {and Black stays clearly on top.} 42. Rd1 Qd6) 42. Kg1 $2 (42. Qf3 $17 {was necessary.}) 42... Kh7 43. Qf7 $2 (43. Qf3 $17) 43... Rxg3+ {[%mdl 64] Double Attack} 44. Kh2 Qg2# {Accuracy: White = 37%, Black = 45%.} 0-1

[Event "Stay Safe Play From Home 141"]
[Site "T#645952Emanuel Laske"]
[Date "2020.05.11"]
[Round "4"]
[White "Schachidiot"]
[Black "Indianquant"]
[Result "0-1"]
[WhiteElo "1934"]
[BlackElo "2209"]
[Annotator "TA"]
[PlyCount "106"]
[EventDate "2020.05.11"]
[EventType "swiss (blitz)"]

{[%evp 9,106,12,22,11,16,-1,9,6,15,-16,7,-18,-13,-16,-8,-20,-16,-61,-25,-42,-21,-29,-33,-37,-14,-21,-16,-79,-24,-31,0,0,-1,-9,72,57,62,49,57,21,270,70,50,-32,-32,-93,-84,-333,-350,-328,-286,-349,-336,-293,-200,-192,-207,-222,-217,-239,-206,-310,-302,-329,-247,-326,-258,-443,-457,-415,-376,-366,-319,-302,-276,-297,-295,-524,-473,-751,-738,-972,-965,-918,-934,-819,-764,-1394,-1341,-2383,-2212,-29987,-29988,-29988,-29987,-29987,-29988,-29988,-29989]} 1. e4 c5 2. Nf3 d6 3. c3 Nf6 4. Be2 Nbd7 5. d3 g6 6. Bg5 {B50: Sicilian: 2...d6, Miscellaneous.} b6 7. Nbd2 Bb7 8. O-O {The position is equal.} Bg7 {[#]} 9. a4 $146 ({Predecessor:} 9. Ne1 O-O 10. f4 b5 11. Bf3 e5 12. fxe5 Nxe5 13. Be2 h6 14. Bh4 Ned7 15. Nc2 {0-1 (48) Nun,J (2355)-Hracek,Z (2575) Czechia 2003}) 9... a6 10. Qc2 Qc7 11. Rfe1 O-O 12. Bh4 Rfe8 13. Bg3 e5 14. Rac1 Nh5 15. d4 Nxg3 16. hxg3 exd4 17. cxd4 Rac8 18. dxc5 (18. b4 $11) 18... bxc5 (18... Qxc5 $17 19. Bc4 Qb4) 19. b4 Qd8 20. b5 axb5 21. Bxb5 d5 {[#]} (21... Re7 $11 {keeps the balance.}) 22. exd5 $1 $16 Rxe1+ 23. Rxe1 Bxd5 24. Nc4 {Strongly threatening Nd6.} (24. a5 $5) 24... Bxf3 $2 {[#]} (24... Nf6 $1 $11) 25. gxf3 $2 (25. Bxd7 $1 $18 Qxd7 26. Nb6 {[%mdl 64] Double Attack}) 25... Bd4 $14 26. Nd6 (26. a5 $14) 26... Ne5 $15 27. Rxe5 ({White should play} 27. Nxc8 $15 Nxf3+ {[%mdl 64] Double Attack} 28. Kf1 Nxe1 29. Kxe1) 27... Qxd6 $17 {Black converts the advantage convincingly.} 28. Re2 $2 (28. Rg5 $17 {only move.}) 28... Qxg3+ $1 $19 {[%mdl 64] Double Attack} 29. Kf1 Qh3+ ({But not} 29... Qxf3 30. Qe4 $19) 30. Ke1 Qxf3 31. Qe4 Bxf2+ 32. Kf1 Qxe4 33. Rxe4 {[%mdl 4096] Endgame KRB-KRB} Bd4 34. Ke2 Rc7 35. Kd3 (35. a5 $142) 35... Kg7 36. Kc4 f5 37. Re8 f4 38. a5 $2 (38. Rd8 {is the only way for White.}) 38... f3 {And now ...f2 would win.} 39. Kd5 f2 {...c4! is the strong threat.} 40. Bc4 Ra7 41. a6 g5 42. Kd6 {intending Re7+.} Kf6 43. Rf8+ $2 (43. Kc6 {was forced.} g4 44. Rf8+ Ke5 45. Kb6) 43... Kg6 44. Rb8 (44. Kc6 $142 Kg7 45. Rf5) 44... g4 45. Rb7 Ra8 46. Bd3+ Kg5 {Hoping for ...g3.} 47. a7 h5 48. Rf7 {[#]} c4 $1 49. Bxc4 Rxa7 50. Rxa7 Bxa7 {Black mates.} 51. Ke5 g3 52. Bf1 Kg4 53. Ke4 h4 {Accuracy: White = 38%, Black = 71%.} 0-1

[Event "Stay Safe Play From Home 141"]
[Site "T#645952Emanuel Laske"]
[Date "2020.05.11"]
[Round "4"]
[White "Chase the sun"]
[Black "Haris kollari 13"]
[Result "0-1"]
[WhiteElo "1900"]
[BlackElo "1885"]
[Annotator "TA"]
[PlyCount "92"]
[EventDate "2020.05.11"]
[EventType "swiss (blitz)"]

{[%evp 9,92,-12,42,39,88,4,25,-53,-6,-38,85,74,143,35,14,16,7,15,0,0,77,0,32,-431,-414,-417,-430,-425,-404,-508,-378,-375,-359,-383,-377,-395,-388,-383,-234,-233,-225,-241,-205,-206,-187,-280,-247,-241,-215,-290,-272,-297,-256,-301,-245,-313,-311,-327,-319,-329,-291,-358,-333,-364,-367,-495,-504,-689,-730,-709,-676,-674,-620,-579,-581,-542,-376,-334,-206,-29973,-29978,-29978,-29979,-29978,-5691]} 1. e4 e6 2. b3 d5 3. Bb2 dxe4 4. Nc3 f5 5. f3 e3 (5... Bd6 $11) 6. dxe3 $14 {[#] C00: French: Unusual White 2nd moves.} Nf6 $146 ({Predecessor:} 6... Qxd1+ 7. Rxd1 Bb4 8. a3 Bxc3+ 9. Bxc3 Nf6 10. Be5 Nbd7 11. Bxc7 Nd5 12. Bf4 Nxf4 13. exf4 {1-0 (25) Lecha Gonzalez,J-Aannevik,B (1527) ICCF email 2009}) 7. Qe2 (7. Qxd8+ $16 Kxd8 8. O-O-O+ Bd7 9. Bc4) 7... Bb4 8. Rd1 (8. Nh3 $11) 8... Bd7 9. Qc4 Bd6 (9... Ba5 $15 {stays ahead.}) 10. Nb5 $16 Bxb5 (10... O-O $142) 11. Qxb5+ (11. Qxe6+ $16 Qe7 12. Bxb5+ Nbd7 13. Qxe7+ (13. Qxf5 Qxe3+ 14. Kf1 O-O-O $16) 13... Kxe7 14. Ne2) 11... Nbd7 $14 12. Qxb7 O-O 13. Bc4 Qe7 14. Ne2 Nb6 (14... Rab8 $11 {keeps the balance.} 15. Qxa7 Nc5) 15. Nd4 (15. Qc6 $16) 15... Nxc4 16. bxc4 $4 {[%mdl 8192] This costs White the game.} (16. Nc6 $14 {was forced to keep a grip.} Qe8 17. bxc4) 16... Rab8 $19 17. Qxa7 {[#] Black must now prevent Nc6.} Rxb2 18. O-O Bc5 19. Qa4 Bxd4 20. exd4 Qd7 21. Qxd7 Nxd7 22. Rfe1 Kf7 23. d5 exd5 24. Rxd5 Nf6 25. Rxf5 Rxc2 26. Rc5 Rc8 ({Resist} 26... Rxa2 27. Rxc7+ Kg6 28. Ree7 $17) 27. Ra1 (27. a4 $142) 27... Ke7 28. a4 Kd6 29. Rb5 Rxc4 30. a5 Ra8 31. a6 Kc6 32. Rb2 Nd5 33. a7 {intending Rb8.} Nb6 34. Re2 Rd4 35. Re7 Rd7 36. Re6+ Kb7 37. g4 Rxa7 38. Rxa7+ Kxa7 {[%mdl 4096] Endgame KRN-KR} 39. f4 Kb7 40. f5 Nd5 41. g5 Nf4 42. Re4 Rd1+ 43. Kf2 Nd5 44. Ke2 $2 {[#]} (44. Rh4 $19) 44... Nc3+ {[%mdl 64] Double Attack. Black mates.} 45. Ke3 Re1+ 46. Kf4 Rxe4+ {Accuracy: White = 33%, Black = 57%.} (46... Nxe4 $142 47. Ke5 Nxg5+ 48. Kd4 h5 49. Kc5 Rh1 50. Kc4 Rxh2 51. Kc3 Rf2 52. Kb3 h4 53. Kc3 h3 54. f6 gxf6 55. Kd4 h2 56. Ke3 Rf3+ 57. Kd2 h1=Q 58. Ke2 Qg2+ 59. Ke1 Rf1#) 0-1

[Event "Stay Safe Play From Home 141"]
[Site "T#645952Emanuel Laske"]
[Date "2020.05.11"]
[Round "4"]
[White "Patzeroglu"]
[Black "Lucknow"]
[Result "1-0"]
[WhiteElo "1765"]
[BlackElo "1848"]
[Annotator "NA RC"]
[PlyCount "95"]
[EventDate "2020.05.11"]
[EventType "swiss (blitz)"]

1. e4 {[%emt 0:00:04]} c5 {[%emt 0:00:01]} 2. Nf3 {[%emt 0:00:08]} d6 {[%emt 0:00:01]} 3. d4 {[%emt 0:00:00]} cxd4 {[%emt 0:00:00]} 4. Nxd4 {[%emt 0:00:00]} Nf6 {[%emt 0:00:01]} 5. Nc3 {[%emt 0:00:00]} g6 {[%emt 0:00:00]} 6. Be2 {[%emt 0:00:01]} Bg7 {[%emt 0:00:01]} 7. Be3 {[%emt 0:00:00]} O-O {[%emt 0:00:01]} 8. O-O {[%emt 0:00:00]} Nc6 {[%emt 0:00:00]} 9. Nxc6 {[%emt 0:00:03]} bxc6 {[%emt 0:00:01]} 10. Qe1 {[%emt 0:00:00]} Qc7 {[%emt 0:00:06]} 11. Rd1 {[%emt 0:00:02]} Rb8 {[%emt 0:00:02]} 12. b3 {[%emt 0:00:02]} Rd8 {[%emt 0:00:05]} 13. Kh1 {[%emt 0:00:19]} Qa5 {[%emt 0:00:12]} 14. Nd5 {[%emt 0:00:03]} Qxe1 {[%emt 0:00:05]} 15. Nxf6+ {[%emt 0:00:01]} Bxf6 {[%emt 0:00:02]} 16. Rfxe1 {[%emt 0:00:00]} a5 {[%emt 0:00:10]} 17. Bd4 {[%emt 0:00:09]} Kg7 {[%emt 0:00:08]} 18. Bxf6+ {[%emt 0:00:05]} Kxf6 {[%emt 0:00:00]} 19. Kg1 {[%emt 0:00:06]} a4 {[%emt 0:00:03]} 20. f3 {[%emt 0:00:01]} Be6 {[%emt 0:00:05]} 21. Kf2 {[%emt 0:00:02]} g5 {[%emt 0:00:03]} 22. Ke3 {[%emt 0:00:04]} c5 {[%emt 0:00:07]} 23. h4 {[%emt 0:00:05]} h6 {[%emt 0:00:02]} 24. hxg5+ {[%emt 0:00:02]} hxg5 {[%emt 0:00:01]} 25. Rh1 {[%emt 0:00:01]} Rh8 {[%emt 0:00:02]} 26. g4 {[%emt 0:00:08]} Ke5 {[%emt 0:00:04]} 27. Rh5 {[%emt 0:00:04]} Rxh5 {[%emt 0:00:13]} 28. gxh5 {[%emt 0:00:00]} axb3 {[%emt 0:00:07]} 29. axb3 {[%emt 0:00:02]} Rh8 {[%emt 0:00:07]} 30. Rh1 {[%emt 0:00:03]} f5 {[%emt 0:00:07]} 31. exf5 {[%emt 0:00:06]} Bxf5 {[%emt 0:00:01]} 32. Bd3 {[%emt 0:00:01]} Rh6 {[%emt 0:00:03]} 33. Be4 {[%emt 0:00:14]} d5 {[%emt 0:00:03]} 34. Bxf5 {[%emt 0:00:01]} Kxf5 {[%emt 0:00:00]} 35. c3 {[%emt 0:00:06]} e5 {[%emt 0:00:02]} 36. b4 {[%emt 0:00:02]} d4+ {[%emt 0:00:11]} 37. Kd3 {[%emt 0:00:01]} cxb4 {[%emt 0:00:12]} 38. cxb4 {[%emt 0:00:03]} Kf4 {[%emt 0:00:01]} 39. Rh3 {[%emt 0:00:02]} g4 {[%emt 0:00:03]} 40. fxg4 {[%emt 0:00:02]} Kxg4 {[%emt 0:00:00]} 41. Rh1 {[%emt 0:00:01]} Kf4 {[%emt 0:00:08]} 42. b5 {[%emt 0:00:04]} e4+ {[%emt 0:00:07]} 43. Kxd4 {[%emt 0:00:03]} Kf3 {[%emt 0:00:05]} 44. Rf1+ {[%emt 0:00:03]} Ke2 {[%emt 0:00:01]} 45. Rf5 {[%emt 0:00:01]} e3 {[%emt 0:00:01]} 46. Re5 {[%emt 0:00:00]} Kf2 {[%emt 0:00:01]} 47. Rxe3 {[%emt 0:00:02]} Rxh5 {[%emt 0:00:01]} 48. Rb3 {[%emt 0:00:01] Lucknow gibt auf (Lag: Av=0.82s, max=1.5s)} 1-0

[Event "Stay Safe Play From Home 141"]
[Site "T#645952Emanuel Laske"]
[Date "2020.05.11"]
[Round "4"]
[White "Edmatuag"]
[Black "Spouyu"]
[Result "1-0"]
[WhiteElo "1740"]
[BlackElo "1777"]
[Annotator "NA RC"]
[PlyCount "61"]
[EventDate "2020.05.11"]
[EventType "swiss (blitz)"]

1. e4 {[%emt 0:00:03]} c5 {[%emt 0:00:02]} 2. Nf3 {[%emt 0:00:03]} d6 {[%emt 0:00:02]} 3. d4 {[%emt 0:00:01]} cxd4 {[%emt 0:00:00]} 4. Nxd4 {[%emt 0:00:01]} Nf6 {[%emt 0:00:01]} 5. Nc3 {[%emt 0:00:01]} e6 {[%emt 0:00:00]} 6. Be2 {[%emt 0:00:01]} Be7 {[%emt 0:00:00]} 7. O-O {[%emt 0:00:01]} O-O {[%emt 0:00:00]} 8. Kh1 {[%emt 0:00:01]} Nc6 {[%emt 0:00:00]} 9. f4 {[%emt 0:00:02]} Bd7 {[%emt 0:00:02]} 10. Bf3 {[%emt 0:00:05]} a6 {[%emt 0:00:02]} 11. Be3 {[%emt 0:00:02]} Rc8 {[%emt 0:00:01]} 12. Qe2 {[%emt 0:00:04]} Nxd4 {[%emt 0:00:08]} 13. Bxd4 {[%emt 0:00:02]} Bc6 {[%emt 0:00:01]} 14. g4 {[%emt 0:00:03]} Nd7 {[%emt 0:00:03]} 15. g5 {[%emt 0:00:03]} f6 {[%emt 0:00:05]} 16. h4 {[%emt 0:00:22]} e5 {[%emt 0:00:11]} 17. Be3 {[%emt 0:00:14]} exf4 {[%emt 0:00:05]} 18. g6 {[%emt 0:00:05]} fxe3 {[%emt 0:00:07]} 19. gxh7+ {[%emt 0:00:02]} Kh8 {[%emt 0:00:08]} 20. h5 {[%emt 0:00:01]} Ne5 {[%emt 0:00:11]} 21. h6 {[%emt 0:00:08]} gxh6 {[%emt 0:00:11]} 22. Qxe3 {[%emt 0:00:02]} f5 {[%emt 0:00:14]} 23. Qxh6 {[%emt 0:00:10]} Nxf3 {[%emt 0:00:06]} 24. Rxf3 {[%emt 0:00:03]} Bxe4 {[%emt 0:00:11]} 25. Nxe4 {[%emt 0:00:02]} fxe4 {[%emt 0:00:02]} 26. Rg3 {[%emt 0:00:05]} d5 {[%emt 0:00:28]} 27. Rg8+ {[%emt 0:00:03]} Rxg8 {[%emt 0:00:04]} 28. hxg8=Q+ {[%emt 0:00:00]} Kxg8 {[%emt 0:00:01]} 29. Rg1+ {[%emt 0:00:06]} Kf7 {[%emt 0:00:01]} 30. Qg6+ {[%emt 0:00:02]} Kf8 {[%emt 0:00:04]} 31. Qg8# {[%emt 0:00:01] (Lag: Av=0.51s, max=0.6s)} 1-0

[Event "Stay Safe Play From Home 141"]
[Site "T#645952Emanuel Laske"]
[Date "2020.05.11"]
[Round "4"]
[White "Timbre"]
[Black "Mandy"]
[Result "1-0"]
[WhiteElo "1585"]
[BlackElo "967"]
[Annotator "NA RC"]
[PlyCount "45"]
[EventDate "2020.05.11"]
[EventType "swiss (blitz)"]

1. d4 {[%emt 0:00:09]} d5 {[%emt 0:00:02]} 2. Nf3 {[%emt 0:00:01]} c6 {[%emt 0:00:02]} 3. c3 {[%emt 0:00:01]} Bf5 {[%emt 0:00:03]} 4. Bf4 {[%emt 0:00:01]} Nd7 {[%emt 0:00:03]} 5. e3 {[%emt 0:00:01]} e6 {[%emt 0:00:02]} 6. Bd3 {[%emt 0:00:01]} Bg6 {[%emt 0:00:07]} 7. Bxg6 {[%emt 0:00:03]} hxg6 {[%emt 0:00:05]} 8. h3 {[%emt 0:00:01]} Ngf6 {[%emt 0:00:16]} 9. Nbd2 {[%emt 0:00:01]} Nh5 {[%emt 0:00:17]} 10. Bh2 {[%emt 0:00:03]} f5 {[%emt 0:00:04]} 11. Qe2 {[%emt 0:00:01]} Be7 {[%emt 0:00:08]} 12. Ne5 {[%emt 0:00:02]} O-O {[%emt 0:00:05]} 13. Nxg6 {[%emt 0:00:03]} Bf6 {[%emt 0:00:22]} 14. Qxh5 {[%emt 0:00:05]} Kf7 {[%emt 0:00:07]} 15. Ne5+ {[%emt 0:00:05]} Ke7 {[%emt 0:00:09]} 16. Ng6+ {[%emt 0:00:03]} Ke8 {[%emt 0:00:02]} 17. Nxf8+ {[%emt 0:00:03]} Kxf8 {[%emt 0:00:03]} 18. O-O {[%emt 0:00:04]} Nb6 {[%emt 0:00:08]} 19. Nf3 {[%emt 0:00:05]} a6 {[%emt 0:00:15]} 20. Be5 {[%emt 0:00:02]} Qe7 {[%emt 0:00:09]} 21. Bxf6 {[%emt 0:00:02]} Qxf6 {[%emt 0:00:06]} 22. Ne5 {[%emt 0:00:02]} Qh6 {[%emt 0:00:06]} 23. Qf7# {[%emt 0:00:03] (Lag: Av=0.34s, max=1.1s)} 1-0